Geography Generator Puzzle #6 - Statistics

General Stats
  • This quiz has been taken 11,202 times
    10,920 since last reset
  • The average score is 12 of 21
Answer Stats
Hint Answer % Correct
La capitale française Paris
98%
Learning tower city Pisa
87%
Grown in Bordeaux and Napa Grapes
75%
Iberian kingdom Spain
74%
Argentinian currency Peso
69%
Tidal, salty and blue Sea
67%
Vernal time of year Spring
61%
Largest city in the Baltic states Riga
59%
Italian seaport; Hometown of Columbus Genoa
58%
Married Spanish woman Señora
57%
Homing bird Pigeon
56%
Subdivision of a country Region
51%
Commercially grown tree Pine
49%
Heard at La Scala and Bayreuth Opera
48%
Capital of Saskatchewan Regina
43%
Ore mined in Western Australia Iron
42%
Indian province, ex-Portuguese Goa
40%
Prefix, means "of China" Sino-
40%
Jetty, wharf Pier
39%
Fruit that Brazil grows lots of Orange
38%
9-letter location SINGAPORE
20%
No matching quizzes found
Score Distribution
Percent of People with Each Score
Percentile by Number Answered
Your Score History
You have not taken this quiz since the last reset